000
00340nam a22001217a 4500
040
_c
Nust
082
_a
297
100
_a
Dr. Abdul Ghani Farooq
_9
127271
245
_a
ہم کیوں مسلمان ہوئے
260
_a
Lahore {
_b
Maktaba Tameer -e- insaniat,
650
_a
ہم کیوں مسلمان ہوئے
_9
127272
942
_2
ddc
_c
BK
999
_c
612463
_d
612463